Paranoia

Salvato in:
Dettagli Bibliografici
Autore principale: Wilson, Steve Clay
Natura: Libro
Lingua:inglese
Tags: Aggiungi Tag
Nessun Tag, puoi essere il primo ad aggiungerne!!

MARC

LEADER 00000nam a2200000 4500
005 20240724164431.0
008 240724b |||||||| |||| 00| 0 eng d
040 |c GP 
100 |a Wilson, Steve Clay 
245 |a Paranoia 
942 |2 ddc  |c BK  |n 0 
952 |0 0  |1 0  |2 ddc  |4 0  |6 741_500000000000000_WIL  |7 1  |9 1688  |a RM  |b RM  |d 2024-07-24  |l 0  |o 741.5 WIL  |p 248  |r 2024-07-24 16:44:48  |w 2024-07-24  |y BK 
999 |c 1501  |d 1501